[Event "Titled Tue 20th May Early"]
[Site "chess.com INT"]
[Date "2025.05.20"]
[Round "3"]
[White "Le, Quang Liem"]
[Black "Rothuis, Vincent"]
[Result "1/2-1/2"]
[WhiteTitle "GM"]
[BlackTitle "IM"]
[WhiteElo "2729"]
[BlackElo "2346"]
[WhiteFideId "12401137"]
[BlackFideId "1011936"]
[EventDate "2025.05.20"]

1. Nf3 d5 2. c4 e6 3. e3 Nf6 4. Nc3 Be7 5. b3 b6 6. Bb2 Bb7 7. Rc1 Nbd7 8. cxd5
exd5 9. Ne2 O-O 10. g3 c5 11. Bg2 Rc8 12. O-O b5 13. Nf4 Bd6 14. Rc2 Re8 15. Qa1
Qb6 16. Rfc1 a5 17. Nh4 Bf8 18. Nf3 Bd6 19. a4 b4 20. d4 Bxf4 21. gxf4 c4 22.
bxc4 dxc4 23. Rxc4 Rxc4 24. Rxc4 Bd5 25. Rc2 Qb7 26. Ne1 Bxg2 27. Nxg2 Rc8 28.
Qc1 Nb6 29. Ne1 Rxc2 30. Qxc2 Nfd7 31. Nd3 Qd5 32. Nc5 Nxc5 33. dxc5 Nc4 34. Bd4
f6 35. Kf1 f5 36. Ke2 Kf7 37. Qb3 Ke6 38. Kd3 Ne5+ 39. Kc2 Nc4 40. h4 g6 41. Kd3
Ne5+ 42. Kc2 Nc4 43. Qd3 Na3+ 44. Kb2 Nc4+ 45. Kc1 Kd7 46. Qb3 Kc6 47. Kc2 Qe4+
48. Qd3 Qd5 49. Qb3 Na3+ 50. Kb2 Nc4+ 51. Ka2 h5 52. Ka1 Kd7 53. Ka2 Ke6 54. Ka1
Nd2 55. Qxd5+ Kxd5 56. Kb2 Ne4 57. f3 Nd2 58. Bf6 Nxf3 59. Bd8 Nd2 60. Kc2 Nc4
61. Kd3 Kxc5 62. e4 fxe4+ 63. Kxe4 b3 64. Be7+ Kc6 65. Kd3 Kd5 66. Kc3 b2 67.
Kc2 Ke4 68. Bg5 Kf3 69. Kb1 Kg4 70. Kc2 Kf5 71. Kb1 Ke4 72. Kc2 Kd5 73. Bf6 Kc5
74. Bc3 Kb6 75. Bxb2 Ne3+ 76. Kd3 Nf5 77. Bf6 Kc5 78. Kc3 Kd5 79. Bd8 Kc5 80.
Bxa5 Nxh4 81. Bb4+ Kd5 82. a5 Ng2 83. a6 Kc6 84. Bd6 Kb6 85. Kd3 Kxa6 86. Ke4
Nh4 87. f5 Nxf5 88. Bf4 Kb7 89. Ke5 Kc6 90. Kf6 Nh4 91. Kg5 Ng2 92. Bg3 h4 93.
Bxh4 Nxh4 94. Kxh4 Kd5 95. Kg5 Ke4 96. Kxg6 1/2-1/2

[Event "Titled Tue 20th May Early"]
[Site "chess.com INT"]
[Date "2025.05.20"]
[Round "3"]
[White "Kosteniuk, Alexandra"]
[Black "Ashraf, Artin"]
[Result "1/2-1/2"]
[WhiteTitle "GM"]
[BlackTitle "FM"]
[WhiteElo "2479"]
[BlackElo "2407"]
[WhiteFideId "4128125"]
[BlackFideId "22514805"]
[EventDate "2025.05.20"]

1. e4 e6 2. d4 d5 3. e5 c5 4. c3 Nc6 5. Nf3 Bd7 6. Be2 Nge7 7. Na3 Ng6 8. Nc2
Be7 9. O-O O-O 10. Bd3 Rc8 11. h4 cxd4 12. cxd4 f6 13. exf6 Bxf6 14. Ng5 Bxg5
15. Bxg5 Qe8 16. Qh5 Qf7 17. Rae1 Nce7 18. Bxe7 Qxe7 19. g3 Rf6 20. Ne3 Qd6 21.
Ng4 Rcf8 22. Nxf6+ Rxf6 23. Qg5 Ne7 24. a3 Nc6 25. Qe3 a6 26. Kg2 Qc7 27. f4 Qb6
28. Rf2 Qxd4 29. Qxd4 Nxd4 30. Rd1 Nc6 31. Re2 Be8 32. Ree1 Bh5 33. Be2 Bxe2 34.
Rxe2 h5 35. b4 Kf7 36. Rc2 Kg6 37. Rc5 Rf7 38. Rb1 Rd7 39. a4 Ne7 40. b5 axb5
41. Rcxb5 Nf5 42. Rxb7 Rd8 43. Rb8 Rd7 44. R1b7 Rd6 45. Rb6 Rd7 46. Rxe6+ Kh7
47. Re5 g6 48. a5 d4 49. a6 d3 50. Rb7 Rxb7 51. axb7 d2 52. b8=Q d1=Q 53. Qa7+
Kh6 54. Qf2 Qd3 55. Re8 Qd5+ 56. Kh2 Qb5 57. Re5 Qc6 58. Rxf5 gxf5 59. Qd2 Kg6
60. Qf2 Qe4 61. Qg2 Qd4 62. Qe2 Qd5 63. Kh3 Qh1+ 64. Qh2 Qf3 65. Qg2 Qg4+ 66.
Kh2 Qd1 67. Qf2 Qd5 68. Qb6+ Kg7 69. Qb2+ Kg6 70. Qe2 Qc6 71. Qd2 Qe6 72. Kg1
Qb6+ 73. Kg2 Qc6+ 74. Kf2 Qc5+ 75. Qe3 Qc2+ 76. Qe2 Qc5+ 77. Kg2 Qd5+ 78. Kh2
Qc6 79. Qb2 Qf3 80. Qb6+ Kf7 81. Qc7+ Kg6 82. Qd6+ Kg7 83. Qe7+ Kg8 84. Qe8+ Kg7
85. Qe7+ Kg8 86. Qg5+ Kh8 87. Qf6+ Kg8 88. Qe6+ Kh8 89. Qe5+ Kg8 90. Qxf5 Qf2+
91. Kh1 Qf1+ 92. Kh2 Qf2+ 93. Kh1 Qf1+ 94. Kh2 Qe2+ 95. Kg1 Qe1+ 96. Kg2 Qe2+
97. Kg1 Qe1+ 98. Kg2 Qe2+ 99. Kg1 1/2-1/2

[Event "Titled Tue 20th May Early"]
[Site "chess.com INT"]
[Date "2025.05.20"]
[Round "3"]
[White "Piorun, Kacper"]
[Black "Sjugirov, Sanan"]
[Result "1/2-1/2"]
[WhiteTitle "GM"]
[BlackTitle "GM"]
[WhiteElo "2577"]
[BlackElo "2638"]
[WhiteFideId "1130420"]
[BlackFideId "4189302"]
[EventDate "2025.05.20"]

1. d4 Nf6 2. c4 e6 3. Nc3 Bb4 4. e3 O-O 5. Bd2 b6 6. Nf3 Bb7 7. Bd3 Bxc3 8. Bxc3
Ne4 9. Qc2 f5 10. b4 d6 11. Bb2 Nd7 12. O-O Ng5 13. Nd2 f4 14. exf4 Rxf4 15. f3
e5 16. Rae1 exd4 17. g3 Rf8 18. Bxd4 h6 19. Kg2 Ne5 20. Bxe5 dxe5 21. Ne4 Ne6
22. Qc3 Nd4 23. c5 Bd5 24. Bc4 Kh8 25. Bxd5 Qxd5 26. Rf2 Rf7 27. Qe3 Raf8 28.
Nc3 Qc4 29. f4 exf4 30. gxf4 Nf5 31. Qh3 Qxb4 32. Re5 Qd4 33. Ne4 Ne3+ 34. Kg3
Nc4 35. Re6 Qe3+ 36. Kg2 Qxh3+ 37. Kxh3 Rxf4 38. Rxf4 Rxf4 39. c6 Kg8 40. Re8+
Rf8 41. Re7 Rf7 42. Re8+ Kh7 43. Kg3 Na5 44. Re6 Rf1 45. Re7 Nxc6 46. Rxc7 Nd4
47. Nd6 Nf5+ 48. Nxf5 Rxf5 49. Rxa7 Ra5 50. Rb7 Ra3+ 51. Kg4 Rxa2 52. h4 Ra4+
53. Kg3 Rb4 54. h5 b5 55. Rb8 Rb1 56. Rb7 b4 57. Kg2 Kg8 58. Rb8+ Kf7 59. Rb7+
Kf6 60. Rb5 b3 61. Kh2 b2 62. Kg2 Ke6 63. Kh2 Kd6 64. Kg2 Kc6 65. Rb8 Kd5 66.
Rb7 Ke4 67. Re7+ Kf5 68. Rb7 Ke4 69. Kh2 Kf3 70. Rf7+ Ke3 71. Re7+ Kd3 72. Rd7+
Ke4 73. Re7+ Kf5 74. Rb7 Kf4 75. Kg2 Ke3 76. Kh2 Rf1 77. Rb3+ Kf4 78. Rxb2 Kg5
79. Rb7 Kf6 80. Kg3 Rf5 81. Kg4 Rg5+ 82. Kh4 Re5 83. Rb6+ Re6 84. Rb7 Re4+ 85.
Kg3 Rd4 86. Kh3 Rd5 87. Kh4 Re5 88. Kg4 Re4+ 89. Kh3 Re7 90. Rb6+ Kg5 91. Rb5+
Kf4 92. Kh4 Re2 93. Rb4+ Re4 94. Rb7 Kf5+ 95. Kg3 Rg4+ 96. Kh3 Rg5 97. Kh4 Kf6
98. Rb6+ Kf7 99. Rb7+ Kg8 100. Rb8+ Kh7 101. Rb7 Rf5 102. Kg4 Rd5 103. Kh4 Rd4+
104. Kg3 Kg8 105. Kh3 Rd5 106. Kg4 Rg5+ 107. Kh4 Rf5 108. Kg4 Rf7 109. Rb8+ Rf8
110. Rb7 Kh7 111. Kh4 Rd8 112. Kg4 Rd4+ 113. Kg3 Rd5 114. Kg4 Rg5+ 115. Kh4 Re5
116. Kg4 Rg5+ 117. Kh4 1/2-1/2

[Event "Titled Tue 20th May Early"]
[Site "chess.com INT"]
[Date "2025.05.20"]
[Round "3"]
[White "Ristic, Nebojsa M"]
[Black "Schnaider, Ilan"]
[Result "0-1"]
[WhiteTitle "IM"]
[BlackTitle "IM"]
[WhiteElo "2248"]
[BlackElo "2388"]
[WhiteFideId "900850"]
[BlackFideId "169013"]
[EventDate "2025.05.20"]

1. d4 Nf6 2. Bf4 g6 3. Nc3 d5 4. e3 Bg7 5. h4 h5 6. Nf3 Bf5 7. Bd3 Ne4 8. Ne5
Nxc3 9. bxc3 Nd7 10. Bxf5 gxf5 11. Nxd7 Qxd7 12. Qd3 Bf6 13. c4 e6 14. Rb1 O-O-O
15. cxd5 Qxd5 16. Qb5 Qxg2 17. Ke2 Qd5 18. c4 Qxb5 19. Rxb5 Rhg8 20. Bg3 Rg4 21.
a4 a6 22. Rb3 c5 23. dxc5 Rxc4 24. Bd6 Rxh4 25. Rhb1 Rd7 26. Rb6 Be7 27. Rxa6
Bxd6 28. Ra8+ Kc7 29. cxd6+ Rxd6 30. a5 Rc4 31. Rf8 Rd7 32. Rh8 h4 33. Kf3 Rc5
34. Ra1 Rc4 35. a6 bxa6 36. Rxa6 Kb7 37. Rha8 Rdc7 38. R8a7+ Kc8 39. Ra8+ Kd7
40. Rf8 Ke7 41. Raa8 Kf6 42. Rh8 Rg4 43. Rh6+ Ke7 44. Rhh8 Rb7 45. Rhe8+ Kf6 46.
Rh8 Rb1 47. Ra7 Rg7 48. Rh6+ Rg6 49. Rxh4 Rb8 50. Rh7 Rf8 51. Rh4 Kg5 52. Rb4
Kf6 53. Rf4 Rh6 54. Rb4 Rh3+ 55. Ke2 Rh2 56. Rbb7 Rh7 57. Kf3 Rg8 58. Ke2 Rgg7
59. Kf3 Rh3+ 60. Ke2 Rh2 61. Kf3 Ke5 62. Rb5+ Kf6 63. Rb2 Rgh7 64. Ra5 R7h3+ 65.
Ke2 Rg2 66. Kd3 Rhh2 67. Raa2 Kg5 68. Rc2 Kg6 69. Rd2 e5 70. Re2 e4+ 71. Kd4 Rh8
72. Ke5 Re8+ 73. Kd4 Rd8+ 74. Ke5 f6+ 75. Ke6 Re8+ 76. Kd7 Re5 77. Ra6 Rh2 78.
Re6 Rh7+ 79. Kd6 Ra5 80. Rc2 Rha7 81. Rc6 Ra2 82. Kd5 Rd2+ 83. Kc4 Rc2+ 84. Kb3
Rxc6 85. Rxc6 Ra1 86. Rc2 Rd1 87. Kc4 Rd3 88. Ra2 Kg5 89. Rb2 Kg4 90. Ra2 Rd1
91. Rb2 Rf1 92. Kd4 Rd1+ 93. Kc5 Kf3 94. Kc4 Re1 95. Rb5 Kxf2 96. Rxf5+ Kxe3 97.
Rxf6 Rd1 98. Kc3 Rc1+ 99. Kb2 Rc8 100. Re6 Kd3 101. Rd6+ Ke2 102. Re6 e3 103.
Rh6 Kd2 104. Rd6+ Ke1 105. Rh6 e2 106. Re6 Rc5 107. Re7 Kd2 108. Rd7+ Ke3 109.
Re7+ Kd3 110. Rd7+ Ke4 111. Re7+ Re5 112. Rxe5+ Kxe5 113. Kc2 e1=Q 0-1

[Event "Titled Tue 20th May Early"]
[Site "chess.com INT"]
[Date "2025.05.20"]
[Round "4"]
[White "Xiong, Jeffery"]
[Black "Rustamov, Rustam"]
[Result "1-0"]
[WhiteTitle "GM"]
[BlackTitle "FM"]
[WhiteElo "2636"]
[BlackElo "2323"]
[WhiteFideId "2047640"]
[BlackFideId "13440110"]
[EventDate "2025.05.20"]

1. e4 c5 2. Nf3 d6 3. Nc3 Nf6 4. d4 cxd4 5. Qxd4 Nc6 6. Qd3 g6 7. Nd5 Bg7 8. c3
O-O 9. Bg5 h6 10. Nxf6+ exf6 11. Be3 Ne5 12. Nxe5 dxe5 13. Qxd8 Rxd8 14. Bc4 Be6
15. Bxe6 fxe6 16. Ke2 Bf8 17. Rhd1 b6 18. a4 Kf7 19. Rxd8 Rxd8 20. a5 Rd6 21.
axb6 axb6 22. Ra7+ Be7 23. Rb7 f5 24. Bxb6 Ke8 25. Rxe7+ Kxe7 26. Bc5 Kd7 27.
Bxd6 Kxd6 28. b4 Kc6 29. c4 Kb6 30. f3 Kc6 31. Kd3 Kb6 32. Kc3 Kc6 33. Kb3 1-0

[Event "Titled Tue 20th May Early"]
[Site "chess.com INT"]
[Date "2025.05.20"]
[Round "4"]
[White "Popov, Tikhon"]
[Black "Chekletsov, Ilya"]
[Result "1-0"]
[WhiteTitle "CM"]
[BlackTitle "IM"]
[WhiteElo "2173"]
[BlackElo "2338"]
[WhiteFideId "24252026"]
[BlackFideId "24177156"]
[EventDate "2025.05.20"]

1. e4 c5 2. Nf3 e6 3. Qe2 Nc6 4. g3 g6 5. Bg2 Bg7 6. c3 Nge7 7. O-O O-O 8. d4
cxd4 9. cxd4 d5 10. e5 Qb6 11. Rd1 Bd7 12. Nc3 a6 13. Bg5 Nf5 14. Qd2 h6 15. Bf6
Rac8 16. g4 Nfe7 17. Na4 Qb4 18. Qxb4 Nxb4 19. Bxe7 Nc2 20. Nc5 Nxa1 21. Bxf8
Bxf8 22. Nxd7 Nc2 23. Rc1 Rc6 24. Nc5 Nxd4 25. Nxd4 Rxc5 26. Rxc5 Bxc5 27. Nb3
Bb6 28. Kf1 Kf8 29. Ke2 Ke7 30. f4 g5 31. f5 exf5 32. gxf5 h5 33. Bxd5 1-0

[Event "Titled Tue 20th May Early"]
[Site "chess.com INT"]
[Date "2025.05.20"]
[Round "4"]
[White "Klevansky, Aron"]
[Black "Yang, Kaiqi"]
[Result "0-1"]
[WhiteTitle "CM"]
[BlackTitle "GM"]
[WhiteElo "1930"]
[BlackElo "2481"]
[WhiteFideId "14313332"]
[BlackFideId "8604398"]
[EventDate "2025.05.20"]

1. e4 c5 2. Nf3 d6 3. Bb5+ Nd7 4. d4 cxd4 5. Qxd4 a6 6. Bxd7+ Bxd7 7. Nc3 e5 8.
Qd3 h6 9. Be3 Nf6 10. O-O-O Rc8 11. Nd2 Qc7 12. f4 b5 13. fxe5 dxe5 14. Nd5 Nxd5
15. exd5 Bd6 16. Ne4 f5 17. Nxd6+ Qxd6 18. g4 O-O 19. g5 f4 20. gxh6 Bf5 0-1

[Event "Titled Tue 20th May Early"]
[Site "chess.com INT"]
[Date "2025.05.20"]
[Round "4"]
[White "Zozek Salah Mohammed"]
[Black "Poormosavi, Seyed Kian"]
[Result "0-1"]
[WhiteTitle "FM"]
[BlackTitle "IM"]
[WhiteElo "2205"]
[BlackElo "2379"]
[WhiteFideId "4803361"]
[BlackFideId "12585807"]
[EventDate "2025.05.20"]

1. d4 d5 2. Nf3 Nf6 3. g3 c6 4. Bg2 Bg4 5. O-O e6 6. c4 Nbd7 7. Nc3 Be7 8. Bf4
O-O 9. Qb3 Qb6 10. c5 Qa6 11. h3 Bh5 12. Rfe1 b6 13. cxb6 axb6 14. Ne5 Nxe5 15.
Bxe5 Nd7 16. Bf4 c5 17. Nb5 c4 0-1

[Event "Titled Tue 20th May Early"]
[Site "chess.com INT"]
[Date "2025.05.20"]
[Round "4"]
[White "Crispin Ferreras, Darvi Abraham"]
[Black "Akhilbay, Imangali"]
[Result "0-1"]
[WhiteTitle "CM"]
[BlackTitle "FM"]
[WhiteElo "2124"]
[BlackElo "2346"]
[WhiteFideId "6402771"]
[BlackFideId "13734857"]
[EventDate "2025.05.20"]

1. d4 g6 2. c4 Bg7 3. Nc3 d6 4. e4 Nc6 5. Be3 e5 6. d5 Nd4 7. Nge2 Nxe2 8. Bxe2
f5 9. f3 Nf6 10. O-O O-O 11. Rc1 f4 12. Bf2 g5 13. c5 g4 14. cxd6 cxd6 15. Nb5
a6 16. Nc7 Rb8 17. Ba7 Bd7 18. Bxb8 Qxb8 19. Qe1 g3 20. hxg3 fxg3 21. Qxg3 Nh5
22. Qg5 Nf4 23. Bd1 Qa7+ 24. Kh1 Rf6 25. Ne6 Rh6+ 26. Qxh6 Bxh6 27. Nxf4 Bxf4
28. Rc7 Bb5 29. Rg1 Qf2 30. g3 Bxg3 31. Rg2 Qf1+ 0-1

[Event "Titled Tue 20th May Early"]
[Site "chess.com INT"]
[Date "2025.05.20"]
[Round "4"]
[White "Rozman, Levy"]
[Black "Shubhi Gupta"]
[Result "1-0"]
[WhiteTitle "IM"]
[BlackTitle "WFM"]
[WhiteElo "2324"]
[BlackElo "2187"]
[WhiteFideId "2039877"]
[BlackFideId "25195425"]
[EventDate "2025.05.20"]

1. d4 d5 2. Bg5 f6 3. Bd2 e5 4. e3 Bd6 5. Nf3 e4 6. Ng1 Ne7 7. c4 c6 8. Nc3 Be6
9. Qb3 Na6 10. a3 Rb8 11. cxd5 cxd5 12. Nxe4 O-O 13. Nxd6 Qxd6 14. Nf3 Rbc8 15.
Qxb7 Rc6 16. Bxa6 Rxa6 17. Bb4 Rb6 18. Qxe7 1-0

[Event "Titled Tue 20th May Early"]
[Site "chess.com INT"]
[Date "2025.05.20"]
[Round "4"]
[White "Aarav Sinha"]
[Black "Khoo-Thwe, Louis"]
[Result "1-0"]
[WhiteTitle "FM"]
[WhiteElo "2255"]
[BlackElo "2214"]
[WhiteFideId "25674064"]
[BlackFideId "1538756"]
[EventDate "2025.05.20"]

1. e4 e5 2. Nf3 Nc6 3. Bc4 Bc5 4. O-O Nf6 5. d3 d6 6. c3 a6 7. Nbd2 Ba7 8. a4
Ne7 9. Re1 Ng6 10. Nf1 O-O 11. h3 c6 12. Ba2 Re8 13. Ng3 Qc7 14. d4 Be6 15. Bb1
Nf4 16. Bxf4 exf4 17. Ne2 d5 18. e5 Nh5 19. Qd2 Qb6 20. a5 Qb5 21. Bd3 Qb3 22.
Ra3 1-0

[Event "Titled Tue 20th May Early"]
[Site "chess.com INT"]
[Date "2025.05.20"]
[Round "4"]
[White "Lai, Duc Minh"]
[Black "Sklokin, Sergey"]
[Result "0-1"]
[BlackTitle "FM"]
[WhiteElo "2072"]
[BlackElo "2311"]
[WhiteFideId "12420387"]
[BlackFideId "55730230"]
[EventDate "2025.05.20"]

1. e4 c5 2. Nc3 e6 3. f4 Nc6 4. Nf3 d5 5. Bb5 dxe4 6. Nxe4 Bd7 7. Qe2 Nf6 8. f5
Be7 9. fxe6 Bxe6 10. Bxc6+ bxc6 11. O-O O-O 12. d3 Nxe4 13. Qxe4 Bd5 14. Qg4 Bf6
15. Bg5 Bxf3 16. Bxf6 Bxg4 17. Bxd8 Raxd8 18. Rf4 Be6 19. Ra4 c4 20. Rxa7 cxd3
21. c3 d2 22. Rd7 Rxd7 0-1

[Event "Titled Tue 20th May Early"]
[Site "chess.com INT"]
[Date "2025.05.20"]
[Round "4"]
[White "Matinian, Nikita"]
[Black "Maiorov, Nikita1"]
[Result "1-0"]
[WhiteTitle "GM"]
[BlackTitle "GM"]
[WhiteElo "2420"]
[BlackElo "2472"]
[WhiteFideId "24129100"]
[BlackFideId "13501720"]
[EventDate "2025.05.20"]

1. e4 e6 2. d4 d5 3. Nc3 Nf6 4. Bg5 dxe4 5. Nxe4 Be7 6. Nxf6+ Bxf6 7. Bxf6 Qxf6
8. Nf3 c5 9. Bb5+ Bd7 10. Qd3 cxd4 11. O-O-O O-O 12. Bxd7 Nxd7 13. Qxd4 Qxd4 14.
Rxd4 Nf6 15. b3 Rac8 16. Kb2 Rfd8 17. Rhd1 Rxd4 18. Rxd4 Kf8 19. c4 Ke7 20. Ne5
Rc5 21. f4 h6 22. b4 Rc7 23. Kb3 b6 24. a4 a6 25. b5 axb5 26. axb5 Ne8 27. Nc6+
Kf6 28. Rd8 Nd6 29. Rxd6 1-0

[Event "Titled Tue 20th May Early"]
[Site "chess.com INT"]
[Date "2025.05.20"]
[Round "4"]
[White "Koridze, Lile"]
[Black "Timofeev, Artyom"]
[Result "0-1"]
[WhiteTitle "WFM"]
[BlackTitle "GM"]
[WhiteElo "2110"]
[BlackElo "2548"]
[WhiteFideId "13612514"]
[BlackFideId "4140419"]
[EventDate "2025.05.20"]

1. d4 e6 2. c4 Bb4+ 3. Bd2 Qe7 4. Nf3 Nf6 5. e3 O-O 6. Bd3 Nc6 7. O-O d6 8. a3
Bxd2 9. Nbxd2 e5 10. Qc2 Re8 11. h3 e4 12. Nxe4 Nxe4 13. Qe2 Bf5 14. d5 Ne5 15.
Nxe5 Qxe5 16. Rad1 Bg6 17. Qc2 Nc5 18. Bxg6 hxg6 19. Rd4 Qf5 20. Qc3 Ne4 21. Qb4
b6 22. Qb3 Re7 23. Qa4 a5 24. Qc6 Rae8 25. b4 axb4 26. axb4 Nc3 27. Rd2 Qd7 28.
Qb7 Qa4 29. Rc1 Qxb4 30. Qc6 Ne4 31. Rd4 Nxf2 0-1

[Event "Titled Tue 20th May Early"]
[Site "chess.com INT"]
[Date "2025.05.20"]
[Round "4"]
[White "Barseghyan, Armen Ar."]
[Black "Nguyen, Thanh Nghia"]
[Result "1-0"]
[WhiteTitle "IM"]
[BlackTitle "CM"]
[WhiteElo "2348"]
[BlackElo "2124"]
[WhiteFideId "13306707"]
[BlackFideId "12401870"]
[EventDate "2025.05.20"]

1. Nf3 d5 2. d4 Nf6 3. c4 dxc4 4. e3 e6 5. Bxc4 a6 6. a4 c5 7. O-O Nc6 8. Nc3
Be7 9. Qe2 O-O 10. Rd1 Qc7 11. d5 exd5 12. Nxd5 Nxd5 13. Bxd5 b6 14. b4 Bb7 15.
bxc5 Bxc5 16. Bb2 Rad8 17. Qc4 Nd4 18. Bxb7 Qxb7 19. exd4 Bd6 20. d5 Rc8 21. Qg4
f6 22. Qe6+ 1-0

[Event "Titled Tue 20th May Early"]
[Site "chess.com INT"]
[Date "2025.05.20"]
[Round "4"]
[White "Nitish, Belurkar"]
[Black "Kovalevsky, Stanislav"]
[Result "1-0"]
[WhiteTitle "IM"]
[BlackTitle "FM"]
[WhiteElo "2454"]
[BlackElo "2098"]
[WhiteFideId "5084768"]
[BlackFideId "13508598"]
[EventDate "2025.05.20"]

1. e4 e6 2. d4 d5 3. e5 c5 4. c3 Nc6 5. Nf3 cxd4 6. cxd4 f6 7. Bf4 fxe5 8. dxe5
Nge7 9. Bd3 Ng6 10. Bg3 Qb6 11. O-O Qxb2 12. Nbd2 Ngxe5 13. Nxe5 Nxe5 14. Rb1
Qa3 15. Rb3 Nxd3 16. Rxa3 Bxa3 17. Qa4+ Bd7 18. Qxa3 Bb5 19. Rb1 Ba6 20. Qd6 Kf7
21. Nf3 Rad8 22. Ng5+ Kg6 23. Qxe6+ Kxg5 24. h4+ Kh5 25. Qf5+ g5 26. Qxg5# 1-0

[Event "Titled Tue 20th May Early"]
[Site "chess.com INT"]
[Date "2025.05.20"]
[Round "4"]
[White "Manvelyan, Mikayel"]
[Black "Genkeswaran, Genivan"]
[Result "1-0"]
[WhiteTitle "FM"]
[BlackTitle "CM"]
[WhiteElo "2362"]
[BlackElo "2197"]
[WhiteFideId "13310143"]
[BlackFideId "5754496"]
[EventDate "2025.05.20"]

1. e4 e5 2. Nf3 Nc6 3. Bb5 Bc5 4. O-O Nf6 5. Nxe5 Nxe5 6. d4 Bxd4 7. Qxd4 Nc6 8.
Bxc6 dxc6 9. Qxd8+ Kxd8 10. Bg5 Ke7 11. e5 h6 12. exf6+ gxf6 13. Bf4 Be6 14. Nc3
Rad8 15. Rfd1 Rdg8 16. Bxc7 Rg5 17. Bd6+ Ke8 18. Ne4 Rg6 19. Bb4 f5 20. Nd6+ Ke7
21. Nxb7+ c5 22. Bxc5+ Ke8 23. Rd8# 1-0

[Event "Titled Tue 20th May Early"]
[Site "chess.com INT"]
[Date "2025.05.20"]
[Round "4"]
[White "Pham, Le Thao Nguyen"]
[Black "Mayaud, Raphael"]
[Result "1-0"]
[WhiteTitle "IM"]
[BlackTitle "CM"]
[WhiteElo "2388"]
[BlackElo "2126"]
[WhiteFideId "12401226"]
[BlackFideId "627151"]
[EventDate "2025.05.20"]

1. d4 d5 2. Nf3 Nf6 3. c4 c6 4. Qb3 dxc4 5. Qxc4 b5 6. Qc2 Bb7 7. Nbd2 e6 8. Nb3
Nbd7 9. Bd2 Rc8 10. Na5 Ba8 11. b4 Be7 12. a3 O-O 13. Rc1 e5 14. dxe5 Ng4 15.
Qf5 Nh6 16. Bxh6 gxh6 17. e3 c5 18. Bd3 1-0

[Event "Titled Tue 20th May Early"]
[Site "chess.com INT"]
[Date "2025.05.20"]
[Round "4"]
[White "Alvarez Leon, Luis"]
[Black "Flis, Pawel"]
[Result "1-0"]
[WhiteTitle "FM"]
[BlackTitle "CM"]
[WhiteElo "2178"]
[BlackElo "1954"]
[WhiteFideId "3600351"]
[BlackFideId "1112864"]
[EventDate "2025.05.20"]

1. Nf3 Nf6 2. d4 g6 3. c4 c5 4. e3 Bg7 5. Nc3 O-O 6. Be2 cxd4 7. exd4 d5 8. h3
Nc6 9. O-O b6 10. cxd5 Nxd5 11. Bc4 e6 12. Bg5 Qd6 13. Ne4 Qb4 14. Bxd5 exd5 15.
Nf6+ Bxf6 16. Bxf6 Nd8 17. Qc1 Ne6 18. Qh6 Qxb2 19. Ng5 Nxg5 20. Qg7# 1-0

[Event "Titled Tue 20th May Early"]
[Site "chess.com INT"]
[Date "2025.05.20"]
[Round "4"]
[White "Garrido, Denis"]
[Black "Keneshbekov, Elim"]
[Result "0-1"]
[WhiteTitle "FM"]
[BlackTitle "CM"]
[WhiteElo "2230"]
[BlackElo "1867"]
[WhiteFideId "601217"]
[BlackFideId "13816772"]
[EventDate "2025.05.20"]

1. e4 d6 2. d4 Nd7 3. Nc3 e5 4. Nf3 Ngf6 5. Bc4 Be7 6. O-O O-O 7. Re1 c6 8. a4
Qc7 9. h3 h6 10. Be3 Re8 11. Ba2 Nf8 12. a5 Ng6 13. Qd2 Be6 14. Bxe6 fxe6 15.
dxe5 dxe5 16. Qe2 Nh5 17. Qc4 Nhf4 18. Kh2 Bf6 19. g3 Nh5 20. Na4 Qf7 21. Ng1
Rf8 22. Nc5 Bg5 23. Qxe6 Kh7 24. Qxf7 Rxf7 25. Nd3 Raf8 26. Bxa7 Be7 27. Be3 Bg5
28. Bxg5 Rxf2+ 0-1

[Event "Titled Tue 20th May Early"]
[Site "chess.com INT"]
[Date "2025.05.20"]
[Round "4"]
[White "Vaganian, Rafael A"]
[Black "Kjaergaard-Jensen, Jesper"]
[Result "1-0"]
[WhiteTitle "GM"]
[BlackTitle "CM"]
[WhiteElo "2449"]
[BlackElo "2081"]
[WhiteFideId "13300016"]
[BlackFideId "1406990"]
[EventDate "2025.05.20"]

1. d4 Nf6 2. Nf3 d6 3. c4 Nbd7 4. Nc3 e5 5. g3 Be7 6. Bg2 c6 7. O-O Qc7 8. e4 h6
9. h3 Nf8 10. Re1 g5 11. Nh2 Ng6 12. Be3 Be6 13. d5 Bd7 14. dxc6 bxc6 15. b4 Qc8
16. b5 O-O 17. bxc6 Bxh3 18. Nd5 Bxg2 19. Kxg2 Qxc6 20. Ng4 Nxg4 21. Qxg4 Qxc4
22. Rh1 Kg7 23. Nxe7 Nxe7 24. Rxh6 f6 25. Rah1 Rh8 26. Bxg5 fxg5 27. Qxg5+ Kf7
28. Qf6+ 1-0

[Event "Titled Tue 20th May Early"]
[Site "chess.com INT"]
[Date "2025.05.20"]
[Round "4"]
[White "Parfenov, Viktor N."]
[Black "Anakok, Deniz"]
[Result "1-0"]
[WhiteTitle "CM"]
[BlackTitle "CM"]
[WhiteElo "2193"]
[BlackElo "2058"]
[WhiteFideId "4165969"]
[BlackFideId "51603586"]
[EventDate "2025.05.20"]

1. d4 d5 2. c4 c6 3. Nf3 Nf6 4. Qc2 e6 5. g3 Nbd7 6. Bg2 Bd6 7. Nc3 Qe7 8. O-O
O-O 9. e4 dxe4 10. Nxe4 Nxe4 11. Qxe4 c5 12. Bg5 f6 13. Be3 cxd4 14. Nxd4 Nc5
15. Qc2 a5 16. Rfe1 e5 17. Nf5 Bxf5 18. Qxf5 Rad8 19. Rad1 b6 20. h4 Bc7 21. h5
Rxd1 22. Rxd1 Rd8 23. Rxd8+ Qxd8 24. Bd5+ Kh8 25. Bxc5 bxc5 26. Be4 Qg8 27. h6
Bd6 28. Qd7 Bf8 29. Bd5 1-0

[Event "Titled Tue 20th May Early"]
[Site "chess.com INT"]
[Date "2025.05.20"]
[Round "4"]
[White "Coe, William"]
[Black "Krzywda, Andrzej"]
[Result "0-1"]
[BlackTitle "CM"]
[WhiteElo "2078"]
[BlackElo "2175"]
[WhiteFideId "30913624"]
[BlackFideId "1114565"]
[EventDate "2025.05.20"]

1. e4 c5 2. Nf3 e6 3. d4 cxd4 4. Nxd4 d6 5. c4 a6 6. Nc3 Nf6 7. Be2 Nbd7 8. O-O
Qc7 9. Be3 b6 10. Rc1 Bb7 11. Bf3 Be7 12. b3 O-O 13. g3 Rac8 14. Bg2 Qb8 15. f4
Rfe8 16. h3 Qa8 17. Qc2 b5 18. cxb5 d5 19. exd5 Nxd5 20. Qd2 Nxe3 21. Bxb7 Nxf1
22. Bxa8 Nxd2 23. Bb7 Bc5 24. Bxc8 Bxd4+ 25. Kg2 Rxc8 0-1

[Event "Titled Tue 20th May Early"]
[Site "chess.com INT"]
[Date "2025.05.20"]
[Round "4"]
[White "Winkels, Marcel"]
[Black "Montano Vicente, Guadalupe"]
[Result "0-1"]
[WhiteTitle "CM"]
[WhiteElo "1918"]
[BlackElo "1940"]
[WhiteFideId "1003887"]
[BlackFideId "5181399"]
[EventDate "2025.05.20"]

1. e4 c5 2. Nf3 d6 3. d4 cxd4 4. Nxd4 Nf6 5. Nc3 a6 6. Qf3 e5 7. Nf5 g6 8. Ne3
h6 9. Bc4 Bg7 10. Ned5 Nbd7 11. Be3 b5 12. Bb3 Bb7 13. O-O-O O-O 14. g4 Nxd5 15.
Bxd5 Bxd5 16. Rxd5 Nb6 17. Rdd1 Nc4 18. Kb1 Rc8 19. h4 Na3+ 20. Kc1 b4 21. Nd5
Rxc2# 0-1